Datum a čas kvízu

39 Celkem bodů Celkový počet nahraných bodů na tomto kvízu bez doplňovacích otázek.
1. Pořadí na kvízu Konečné umístění týmu na tomto kvízu.

Zaznamenané odpovědi

# Otázka Odpověď Body Výsledky
1. Která poslankyně zvolená za SP... Markéta Šichtařová 1
2. Britské bankovky budou mít nov... C 1
3. Která zpěvačka minulý týden př... Olga Lounová 0
4. V rámci oslav 75. výročí od vz... Escherichia coli (E. coli) 1
5. Kazachstánský tenista Alexandr... rukojetí rakety 0
6. Nejrozšířenějším „národním spo... D 0
7. Za národní sport lze považovat... národní házená (česká házená) 1
8. Některé země mají svůj národní... lakros 1
9. U uzákoněných národních sportů... polo; basketbal 0
10. I medailové úspěchy z olympijs... D 1